000
00188 a2200097 4500
001
12011
100
_a
Novak, W.
245
_a
Iacocea
260
_a
_b
Bantam book
_c
090
_c
9263
_d
9263
942
_a
NUST-CAE
_c
M
_c
36115
999
_c
247084
_d
247084